Yhdistä hahmo kirjailijaan - Suomi-versio - Statistics

Yleistilastot
  • Tätä visaa on pelattu 116 kertaa
  • Keskiarvotulos 8 / 16
Vastaustilastot
Hahmo Kirjailija % Oikein
Hemuli Tove Jansson
92%
Mielensäpahoittaja Tuomas Kyrö
73%
Vilho Koskela Väinö Linna
67%
Kalle Päätalo Kalle Päätalo
66%
komisario Palmu Mika Waltari
65%
Männistön Venla Aleksis Kivi
64%
Tiitiäinen Kirsi Kunnas
59%
Tiina Anni Polva
56%
Maria Kallio Leena Lehtolainen
44%
Loviisa Niskavuori Hella Wuolijoki
43%
Konsta Pylkkänen Veikko Huovinen
32%
Timo Harjunpää Matti Yrjänä Joensuu
28%
Illusia Yrjö Kokko
26%
Elmo Juhani Peltonen
20%
Tirlittan Oiva Paloheimo
10%
Susikoira Roi Jorma Kurvinen
9%
Ehtoja vastaavia visoja ei löytynyt
Tulosjakauma
Jokaisen tuloksen saaneiden osuus
Persentiili vastausten määrän mukaan
Tuloshistoriasi
Et ole pelannut tätä visaa